Matilda the Musical Original Broadway Cast Album - Statistics

General Stats
  • This quiz has been taken 406 times
  • The average score is 14 of 24
Answer Stats
Hint Answer % Correct
5 Naughty
92%
2 Miracle: Part 1
85%
3 Miracle: Part 2
85%
4 Miracle: Part 3
85%
14 When I Grow Up
84%
20 Revolting Children
83%
17 Quiet
80%
6 School Song
73%
12 Bruce
72%
13 Telly
71%
10 Loud
69%
18 My House
67%
8 The Hammer
63%
7 Pathetic
58%
11 This Little Girl
54%
16 The Smell of Rebellion
50%
15 I'm Here (Story 4)
45%
1 Overture
45%
9 The Chokey Chant
33%
19 Chalk Writing
18%
22 Story 1: Once Upon a Time...
12%
23 Story 2: The Great Day Arrived...
12%
24 Story 3: The Trick Started Well...
12%
21 When I Grow Up/Naughty (Reprise)
11%
No matching quizzes found
Score Distribution
Percent of People with Each Score
Percentile by Number Answered
Your Score History
You have not taken this quiz